| 000 | 00652nam a2200241 i 4500 | ||
|---|---|---|---|
| 001 | 8562 | ||
| 003 | ES-MaACL | ||
| 005 | 20250911062631.0 | ||
| 007 | t| | ||
| 008 | 920715s1976 sp ||||1| spa d | ||
| 020 | _a84-233-0943-6 | ||
| 080 | _a86-311.2"19" | ||
| 080 | _a86(Sender,R.J.7 I.01) | ||
| 100 | 1 |
_aSender, Ramón J., _d1901-1982 _9105441 |
|
| 245 | 1 | 0 |
_aImán / _cRamón J. Sender. |
| 250 | _a[2ª ed.]. | ||
| 260 |
_aBarcelona : _bDestino, _c1976. |
||
| 300 |
_a303 p. ; _c19 cm. |
||
| 490 | 1 |
_aAncora y delfín ; _v482 |
|
| 830 | 0 | 0 |
_aÁncora y Delfín _v482 _9151298 |
| 852 |
_aES-MaACL _jL-15984 _bR.120088 |
||
| 999 |
_c8562 _d8562 |
||